Language Quiz

Random Language Quiz

Words That Rhyme With Man Quiz Stats

 Plays Quiz not verified by Sporcle

Challenge
Share
Tweet
Score 0/22 Timer 10:00
0 Plays Today
Word % Correct
can
97.7%
ban
97.6%
tan
95.7%
pan
95.5%
fan
93.6%
ran
93.3%
an
83.3%
plan
82.8%
van
82%
bran
81.4%
clan
78.3%
Word % Correct
dan
77.6%
span
64%
than
54.8%
scan
52.8%
jan
48.7%
klan
23.8%
crayon
8.2%
began
3.4%
sedan
1.5%
divan
1.4%
toucan
1.4%

You're not logged in!

Compare scores with friends on all Sporcle quizzes.
Join for Free
OR
Log In

You Might Also Like...

Show Comments

Extras

Created Oct 23, 2012ReportNominate
Tags:man, rhyme, Rhymes With

Top Quizzes Today


Score Distribution

Your Account Isn't Verified!

In order to create a playlist on Sporcle, you need to verify the email address you used during registration. Go to your Sporcle Settings to finish the process.

Report this User

Report this user for behavior that violates our Community Guidelines.

Details: